The barrel of a gun : political power in Africa and the coup d'état

Saved in:
Bibliographic Details
Main Author: First, Ruth, 1925-1982
Format: Book
Language:English
Published: [Harmondsworth] : Penguin Books, [1970]
Series:(Penguin african library)
Subjects:
Tags: Add Tag
No Tags, Be the first to tag this record!

MARC

LEADER 00000cam a2200000 a 4500
001 1/113515
008 170328s1970####enk| ||| |||| ||eng||
020 |a 0140410333  
040 |a GR-MyUa  |b gre  |c GR-MyUa  |e AACR2 
041 0 |a eng 
082 7 |a 320.96   |2 (23) 
100 1 |a First, Ruth,   |d 1925-1982. 
245 1 4 |a The barrel of a gun :   |b political power in Africa and the coup d'état /   |c Ruth First.  
260 |a [Harmondsworth] :   |b Penguin Books,   |c [1970]  
300 |a 513 σ. ;   |c 18 εκ.  
490 0 |a (Penguin african library) 
504 |a Περιλαμβάνει βιβλιογραφία και ευρετήριο.  
651 0 |a Africa  |x Politics and government  |y 1960- 
852 |a INST  |b LESVOS  |e 20170328  |h 320.96 FIR  |p 005100058978  |q 005100058978  |t BK  |y 0 
970 |a Τζαφέρη  |b Ευαγγελία  |z 28-03-2017